Overcoming anger / (Record no. 8199)
[ view plain ]
| 000 -LEADER | |
|---|---|
| fixed length control field | nam a22 7a 4500 |
| 005 - DATE AND TIME OF LATEST TRANSACTION | |
| control field | 20191001074434.0 |
| 008 - FIXED-LENGTH DATA ELEMENTS--GENERAL INFORMATION | |
| fixed length control field | 191001b xxu||||| |||| 00| 0 eng d |
| 020 ## - IDENTIFIER FOR THE MANIFESTATION | |
| Identifier for the Manifestation | 8178233657 |
| Binding | paperback |
| 040 ## - CATALOGING SOURCE | |
| Language of Cataloging | eng |
| Transcribing Agency | APEC Schools Library |
| Description Conventions | rda |
| 082 ## - DEWEY DECIMAL CLASSIFICATION NUMBER | |
| Classification number | C 152.47 |
| Author's Number | B927o 2016 |
| 100 ## - CREATOR | |
| Preferred Name of the Person | Budhananda, Swami |
| 245 ## - TITLE AND STATEMENT OF RESPONSIBILITY | |
| Preferred Title Proper | Overcoming anger / |
| Statement of Responsibility/Parallel Statement of Responsibility | Swami Budhananda |
| 264 ## - PUBLICATION STATEMENT | |
| Place of publication, distribution, etc | Mylapore, Chennai : |
| Publisher's Name/Parallel Publisher's Name | Adhyaksha, |
| Copyright | ©2016. |
| 300 ## - PHYSICAL DESCRIPTION | |
| Extent | 130 pages ; |
| 336 ## - RDA CONTENT | |
| Source | rdacontent |
| Content Type | text |
| 337 ## - RDA MEDIA | |
| Source | rdamedia |
| Media Type | unmediated |
| 338 ## - RDA CARRIER | |
| Source | rdacarrier |
| Carrier Type | volume |
| 650 ## - ADDED SUBJECT ACCESS POINT - TOPICAL TERM | |
| Topical Term | Self-help technique. |
| 942 ## - ADDED ENTRY ELEMENTS (KOHA) | |
| Source of Classification | |
| Koha Item Type | Non Fiction |
| Library | Site Location | Shelving Location | Source of Acquisition | Full Classification Number | Accession Number | Koha Item Type |
|---|---|---|---|---|---|---|
| APEC Bacoor Library | APEC Bacoor Library | Circulation | Institutional Fund | C 152.47 B927o 2016 | B04-0000451 | Non Fiction |
| APEC C. Raymundo Library | APEC C. Raymundo Library | Circulation | Institutional Fund | C 152.47 B927o 2016 | A07-0000339 | Non Fiction |
| APEC Calumpang Library | APEC Calumpang Library | Circulation | Institutional Fund | C 152.47 B927o 2016 | B10-0000411 | Non Fiction |
| APEC Dasmarinas Library | APEC Dasmarinas Library | Circulation | Institutional Fund | C 152.47 B927o 2016 | B03-0000427 | Non Fiction |
| APEC Doña Juana Library | APEC Doña Juana Library | Circulation | Institutional Fund | C 152.47 B927o 2016 | A02-0000184 | Non Fiction |
| APEC España Library | APEC España Library | Circulation | Institutional Fund | C 152.47 B927o 2016 | B11-0000309 | Non Fiction |
| APEC Grace Park West Library | APEC Grace Park West Library | Circulation | Institutional Fund | C 152.47 B927o 2016 | A09-0000368 | Non Fiction |
| APEC Las Piñas Library | APEC Las Piñas Library | Circulation | Institutional Fund | C 152.47 B927o 2016 | C01-0000359 | Non Fiction |
| APEC Concepcion Dos Library | APEC Marikina Heights Library | Circulation | Institutional Fund | C 152.47 B927o 2016 | C02-0000321 | Non Fiction |
| APEC Taytay Library | APEC Taytay Library | Circulation | Institutional Fund | C 152.47 B927o 2016 | B08-0000321 | Non Fiction |
